বাংলা কথাসাহিত্যের একাল ১৯৪৫-১৯৯৮ / (Record no. 63609)
[ view plain ]
| 000 -LEADER | |
|---|---|
| fixed length control field | 00830nam a2200229 a 4500 |
| 001 - CONTROL NUMBER | |
| control field | 63609 |
| 003 - CONTROL NUMBER IDENTIFIER | |
| rucl marc code | BD-RjUL |
| 005 - DATE AND TIME OF LATEST TRANSACTION | |
| control field | 20211209081220.0 |
| 008 - FIXED-LENGTH DATA ELEMENTS--GENERAL INFORMATION | |
| fixed length control field | 170131s1998 ii ||||| |||| 00| 0 ben d |
| 020 ## - INTERNATIONAL STANDARD BOOK NUMBER | |
| Terms of availability | : IRs.150.00 |
| 035 ## - SYSTEM CONTROL NUMBER | |
| System control number | (BD-RjUL)63738 |
| 040 ## - CATALOGING SOURCE | |
| Original cataloging agency | BD-RjUL |
| Language of cataloging | ben |
| Transcribing agency | BD-RjUL |
| Modifying agency | BD-RjUL |
| 041 ## - LANGUAGE CODE | |
| Language code of text/sound track or separate title | ben |
| 082 ## - DEWEY DECIMAL CLASSIFICATION NUMBER | |
| Edition number | 23 |
| Classification number | 891.444 |
| Author mark and year | DUB 1998 |
| 100 ## - MAIN ENTRY--PERSONAL NAME | |
| Personal name | দত্ত, বীরেন্দ্র |
| 9 (RLIN) | 126265 |
| 245 10 - TITLE STATEMENT | |
| Title | বাংলা কথাসাহিত্যের একাল ১৯৪৫-১৯৯৮ / |
| Statement of responsibility, etc. | বীরেন্দ্র দত্ত |
| 260 ## - PUBLICATION, DISTRIBUTION, ETC. (IMPRINT) | |
| Place of publication, distribution, etc. | কলকাতা : |
| Name of publisher, distributor, etc. | পুস্তক বিপণি, |
| Date of publication, distribution, etc. | ১৯৯৮ |
| 300 ## - PHYSICAL DESCRIPTION | |
| Pagination | ৪৩২ পৃ. ; |
| Size | ২২ সেমি. |
| 650 ## - SUBJECT ADDED ENTRY--TOPICAL TERM | |
| Topical term or geographic name as entry element | বাংলা প্রবন্ধ |
| 9 (RLIN) | 145530 |
| Topical term or geographic name as entry element | Bengali Essays |
| 9 (RLIN) | 125847 |
| 942 ## - ADDED ENTRY ELEMENTS (KOHA) | |
| Source of classification or shelving scheme | Dewey Decimal Classification |
| Koha item type | Books |
| Lost status | Source of classification or shelving scheme | Damaged status | Not for loan | Collection code | Permanent Location | Current Location | Shelving location | Date acquired | Source of acquisition | Cost, normal purchase price | Total Checkouts | Full call number | Date last seen | Copy number | Koha item type |
|---|---|---|---|---|---|---|---|---|---|---|---|---|---|---|---|
| Dewey Decimal Classification | Not For Loan | Non-fiction | Central Library, University of Rajshahi | Central Library, University of Rajshahi | Reading Room | 28/05/2007 | Dhaka, Paragon ent. Ltd. | 150.00 | B 891.444 DUB 1998 | 31/01/2017 | C-1 | Books |